000
00308nam a22001337a 4500
082
_a
894.812.3
_b
PIS/P
100
_a
PISHARADI,KRISHNA
245
_a
PANCHATHANTHRAM KATHAKAL
250
_a
16
260
_a
THRISSUR
_b
H&C PUBLISHING HOUSE
_c
2003
300
_a
122
650
_a
SHORT STORY
_z
KERALA
942
_c
BK
999
_c
1385
_d
1385